000 00611cam a22002053a 4500
001 42020
003 PGUSA
005 20140828083941.0
008 130205s2013||||xxu|||||s|||||000 | eng d
040 _aPGUSA
_beng
042 _adc
100 1 _aBenedek, Elek,
_d1859-1929
245 1 0 _aSzékelyföldi gyüjtés (Népköltési gyüjtemény 3. kötet)
_h[electronic resource] /
_cElek Benedek
260 _bProject Gutenberg,
_c2013
506 _aPublic domain in the USA.
516 _aElectronic text
830 0 _aProject Gutenberg
_v42020
856 4 0 _uhttp://www.gutenberg.org/ebooks/42020
942 _cEB
999 _c271272
_d271272